| 000 | 01165cam a2200289 i 4500 | ||
|---|---|---|---|
| 001 | 200442557 | ||
| 999 |
_c200442557 _d60769 |
||
| 003 | TR-AnTOB | ||
| 005 | 20241121110526.0 | ||
| 007 | ta | ||
| 008 | 201209s1983 tu 000 0 tur d | ||
| 040 |
_aTR-AnTOB _beng _erda _cTR-AnTOB _dTR-AnTOB |
||
| 041 | 0 | _atur | |
| 050 |
_aKKX939 _b.K37 1983 |
||
| 090 |
_aTOBBK KKX939 _b.K37 1983 |
||
| 245 | 0 | 0 | _aKarşılıksız çek ve protestolu senetlere ilişkin sorunlar ve çözüm yolları paneli. |
| 264 | 1 |
_aİstanbul : _bİstanbul Ticaret Odası Yayınları, _c1983. |
|
| 300 |
_a68 pages ; _c22 cm |
||
| 336 |
_btxt _2rdacontent |
||
| 337 | _2rdamedia | ||
| 338 | _2rdacarrier | ||
| 500 | _aElektronik yayının tamamını online olarak okuyabilmek ve izin verilen oranda bilgisayarınıza indirebilmek için; ekranın sol üst köşesindeki “Oturum Aç”menüsüden kütüphane hesabınız ile oturum açıp, ardından | ||
| 500 | _aaşağıdaki “URL” ikonuna/bağlantısına tıklayarak yayının tam metnine erişebilirsiniz. | ||
| 650 | 0 |
_aÇekler _xHukuk ve mevzuat _zTürkiye _973177 |
|
| 942 |
_2z _cBK |
||